000 00838cam a22002652 c4500
999 _c60963
_d60963
001 137745109
003 DE-627
005 20201116130531.0
007 tu
008 940303s1941 xx ||||| 00| ||und c
035 _a(DE-627)137745109
035 _a(DE-599)GBV137745109
035 _a(OCoLC)832146652
040 _aDE-627
_bger
_cDE-627
_erakwb
_dSTAFF
100 1 _aRave, Paul Ortwin
_d1893-1962
_0(DE-588)118749374
_0(DE-627)133388514
_0(DE-576)162668716
_4aut
245 1 0 _aBerlin
_bdas Werden seines Stadtbildes
_n1
_cPaul Ortwin Rave
264 1 _aLeipzig
_bKoehler [und] Amelang
_c(1941)
336 _aText
_btxt
_2rdacontent
337 _aohne Hilfsmittel zu benutzen
_bn
_2rdamedia
338 _aBand
_bnc
_2rdacarrier
951 _aMV
773 1 8 _w(DE-627)137745095
_g1
_q1.1941
942 _2z
_cBK